Marcatori della Germania ai Mondiali - Sudafrica 2010 - Statistics

Statistiche generali
  • Questo quiz è stato fatto 8 volte
  • Il punteggio medio è 10 su 16
Statistiche sulle risposte
Partita Minuto Marcatore % Corretto
Germania - Australia 4-0 26 Miroslav Klose
100%
Germania - Inghilterra 4-1 20 Miroslav Klose
100%
Argentina - Germania 0-4 68 Miroslav Klose
100%
Argentina - Germania 0-4 89 Miroslav Klose
100%
Germania - Australia 4-0 68 Thomas Müller
88%
Germania - Inghilterra 4-1 67 Thomas Müller
88%
Germania - Inghilterra 4-1 70 Thomas Müller
88%
Argentina - Germania 0-4 3 Thomas Müller
88%
Uruguay - Germania 2-3 19 Thomas Müller
88%
Germania - Australia 4-0 8 Lukas Podolski
50%
Germania - Inghilterra 4-1 32 Lukas Podolski
50%
Uruguay - Germania 2-3 82 Sami Khedira
38%
Ghana - Germania 0-1 60 Mesut Özil
25%
Argentina - Germania 0-4 74 Arne Friedrich
0%
Germania - Australia 4-0 70 Cacau
0%
Uruguay - Germania 2-3 56 Marcell Jansen
0%
Nessun quiz corrispondente trovato
Distribuzione punteggi
Percentuale di utenti per punteggio
Percentile per numero di risposta
I tuoi punteggi nel tempo
Non hai fatto questo quiz